San Andrés y Providencia (Record no. 116533)

MARC details
000 -LEADER
campo de control de longitud fija 00776nam a2200205 4500
001 - NÚMERO DE CONTROL
campo de control 116533
003 - IDENTIFICADOR DE NÚMERO DE CONTROL
campo de control ES-MaACL
005 - FECHA Y HORA DE LA ÚLTIMA TRANSACCIÓN
campo de control 20230906190725.0
007 - CAMPO FIJO DE DESCRIPCIÓN FÍSICA--INFORMACIÓN GENERAL
campo de control de longitud fija t|
008 - DATOS DE LONGITUD FIJA--INFORMACIÓN GENERAL
campo de control de longitud fija 061121s1964 ck r ||||1| spa d
100 1# - ENTRADA PRINCIPAL--NOMBRE DE PERSONA
Nombre de persona Parsons, James J.
9 (RLIN) 89285
245 10 - MENCIÓN DEL TÍTULO
Título San Andrés y Providencia
Resto del título : una geografía histórica de las islas /
Mención de responsabilidad, etc. James J. Parsons ; traducción marco F. Archbold Brilton ; revisada por Teresa Morales de Gómez.
250 ## - MENCION DE EDICION
Mención de edición [1ª ed.].
260 ## - PUBLICACIÓN, DISTRIBUCIÓN, ETC.
Lugar de publicación, distribución, etc. Bogotá :
Nombre del editor, distribuidor, etc. Archivo de la Economía Nacional,
Fecha de publicación, distribución, etc. 1964.
300 ## - DESCRIPCIÓN FÍSICA
Extensión 192 p. 1 map. pleg. ;
Dimensiones 23 cm.
700 1# - ENTRADA AGREGADA--NOMBRE PERSONAL
Nombre de persona Brilton, Marco F. Archbold.
9 (RLIN) 31742
700 1# - ENTRADA AGREGADA--NOMBRE PERSONAL
Nombre de persona Morales de Gómez, Teresa.
9 (RLIN) 83032
710 2# - ENTRADA AGREGADA--NOMBRE DE ENTIDAD CORPORATIVA
Nombre de entidad corporativa o nombre de jurisdicción como elemento de entrada Archivo de la Economía Nacional (Colombia)
9 (RLIN) 1424
852 ## - LOCALIZACIÓN
Ubicación ES-MaACL
Número de control de estantería C-47949
Sublocalización o colección R.66352
Holdings
Estatus retirado Estado de pérdida Estado de daño No para préstamo Biblioteca de origen Biblioteca actual Ubicación en estantería Fecha de adquisición Fuente de adquisición Total de préstamos Signatura topográfica completa Código de barras Visto por última vez Precio de reemplazo Tipo de ítem Koha
        Biblioteca del Ateneo de Madrid Biblioteca del Ateneo de Madrid Depósito 2 17/01/2008     C-47949 1121515 23/02/2023 23/02/2023 Libro impreso